Statistiques concernant Pays les plus proches de l'Estonie

Cliquez ici pour prendre le quiz!

Statistiques générales

  • Ce quiz a été pris 106 fois
  • Le résultat moyen est 18 sur 20

Statistiques - réponses

kmpays% Correct
0Lettonie
100%
0Russie
100%
152Lituanie
99%
554Norvège
99%
157Biélorussie
98%
396Pologne
98%
150Suède
98%
47Finlande
97%
636Allemagne
95%
523Danemark
94%
939Slovaquie
93%
890Tchèquie
93%
1041Hongrie
90%
1076Autriche
88%
1030Roumanie
88%
622Ukraine
88%
1067Pays-Bas
81%
1283Belgique
78%
1013Moldavie
74%
1288Slovénie
73%

Distribution des résultats

Percentile par nombre de réponses

% des personnes avec chaque résultat

Votre développement - résultats

Vous n’avez pas pris ce quiz